| 000 | 00515cam a22002171 4500 | ||
|---|---|---|---|
| 001 | sa 67000025 | ||
| 003 | DLC | ||
| 005 | 20260227112311.0 | ||
| 008 | 890623s1963 ii 000 1 hino | ||
| 010 | _asa 67000025 | ||
| 035 | _a(OCoLC)19918628 | ||
| 040 |
_aDLC _cWaU _dDLC |
||
| 042 | _apremarc | ||
| 050 | 0 | 0 |
_aPK2098.A9 _bG45 |
| 100 | 1 |
_aAzad, Pratap Chandra, _d1915- |
|
| 245 | 1 | 0 | _aGhara kā cirāga. |
| 260 | _c[1963] | ||
| 300 |
_a191 p. _c19 cm. |
||
| 500 | _aIn Hindi. | ||
| 500 | _aShort stories. | ||
| 999 |
_c71699 _d71699 |
||